<?xml version="1.0" encoding="UTF-8"?>
<record
    xmlns:xsi="http://www.w3.org/2001/XMLSchema-instance"
    xsi:schemaLocation="http://www.loc.gov/MARC21/slim http://www.loc.gov/standards/marcxml/schema/MARC21slim.xsd"
    xmlns="http://www.loc.gov/MARC21/slim">

  <leader>01534nas a2200301 a 4500</leader>
  <controlfield tag="005">20260211144722.0</controlfield>
  <controlfield tag="007">ta</controlfield>
  <controlfield tag="008">240619e2022    dr fu|p|r||||||0| ||spa d</controlfield>
  <datafield tag="022" ind1=" " ind2=" ">
    <subfield code="a">2811-5112</subfield>
  </datafield>
  <datafield tag="040" ind1=" " ind2=" ">
    <subfield code="c">AGN</subfield>
    <subfield code="d">AGN</subfield>
    <subfield code="a">DO-SdBNP</subfield>
    <subfield code="e">rda</subfield>
  </datafield>
  <datafield tag="041" ind1=" " ind2=" ">
    <subfield code="a">spa</subfield>
  </datafield>
  <datafield tag="110" ind1=" " ind2=" ">
    <subfield code="a">Hospital Militar Docente Ram&#xF3;n de Lara  FARD</subfield>
    <subfield code="9">87421</subfield>
  </datafield>
  <datafield tag="245" ind1=" " ind2=" ">
    <subfield code="a">Revista M&#xE9;dico-Cient&#xED;fica : Alas M&#xE9;dicas /</subfield>
    <subfield code="c">Hospital Militar Docente FARD, Doctor Ram&#xF3;n de Lara.</subfield>
  </datafield>
  <datafield tag="264" ind1=" " ind2=" ">
    <subfield code="a">Santo Domingo, Rep&#xFA;blica Dominicana :</subfield>
    <subfield code="b">Hospital Militar Docente Doctor Ram&#xF3;n de Lara, </subfield>
    <subfield code="c">2023.</subfield>
  </datafield>
  <datafield tag="300" ind1=" " ind2=" ">
    <subfield code="a">volumen : </subfield>
    <subfield code="b">ilustraciones, cuadros, gr&#xE1;ficas ;  </subfield>
    <subfield code="c">27.5 cm.</subfield>
  </datafield>
  <datafield tag="310" ind1=" " ind2=" ">
    <subfield code="a">semestral.</subfield>
  </datafield>
  <datafield tag="336" ind1=" " ind2=" ">
    <subfield code="a">texto</subfield>
    <subfield code="b">txt</subfield>
    <subfield code="2">rdacontent</subfield>
  </datafield>
  <datafield tag="337" ind1=" " ind2=" ">
    <subfield code="a">sin mediaci&#xF3;n </subfield>
    <subfield code="b">n</subfield>
    <subfield code="2">rdamedia</subfield>
  </datafield>
  <datafield tag="338" ind1=" " ind2=" ">
    <subfield code="a">volumen</subfield>
    <subfield code="b">nc </subfield>
    <subfield code="2">rdacarrier</subfield>
  </datafield>
  <datafield tag="362" ind1=" " ind2=" ">
    <subfield code="a">Volumen 1. No. 1, enero-junio 2022.</subfield>
  </datafield>
  <datafield tag="500" ind1=" " ind2=" ">
    <subfield code="a">La revista Alas M&#xE9;dicas, es la publicaci&#xF3;n oficial de investigaci&#xF3;n en salud con sede en el Hospital Militar Docente Doctor Ram&#xF3;n de Lara. Fundada el 16 de julio del a&#xF1;o 2022, por el Doctor Jos&#xE9; D. Richardson L&#xF3;pez, coronel M&#xE9;dico Cirujano Pl&#xE1;stico FARD.</subfield>
  </datafield>
  <datafield tag="500" ind1=" " ind2=" ">
    <subfield code="a">&#xD3;rgano Oficial de difusi&#xF3;n del Hospital Militar Docente Ram&#xF3;n de Lara FARD.</subfield>
  </datafield>
  <datafield tag="650" ind1=" " ind2="0">
    <subfield code="a">Medicina</subfield>
    <subfield code="9">12481</subfield>
    <subfield code="v">Publicaciones peri&#xF3;dicas </subfield>
    <subfield code="z">Rep&#xFA;blica Dominicana</subfield>
  </datafield>
  <datafield tag="653" ind1=" " ind2=" ">
    <subfield code="a">Revista Cient&#xED;fica </subfield>
  </datafield>
  <datafield tag="655" ind1=" " ind2="0">
    <subfield code="a">Publicaciones peri&#xF3;dicas</subfield>
    <subfield code="9">87420</subfield>
  </datafield>
  <datafield tag="856" ind1=" " ind2=" ">
    <subfield code="a">Alas M&#xE9;dicas</subfield>
    <subfield code="u">https://unade.edu.do/wp-content/uploads/2023/04/Revista-Medico-Cientifica-DEFENSA-EN-SALUD-Enero-Abril-Completa.pdf</subfield>
  </datafield>
  <datafield tag="942" ind1=" " ind2=" ">
    <subfield code="2">ddc</subfield>
    <subfield code="c">ISSUE</subfield>
  </datafield>
  <datafield tag="952" ind1=" " ind2=" ">
    <subfield code="0">0</subfield>
    <subfield code="1">0</subfield>
    <subfield code="2">ddc</subfield>
    <subfield code="4">0</subfield>
    <subfield code="5">6</subfield>
    <subfield code="7">0</subfield>
    <subfield code="8">SE</subfield>
    <subfield code="a">BNPHU</subfield>
    <subfield code="b">BNPHU</subfield>
    <subfield code="d">2025-04-10</subfield>
    <subfield code="h">Volumen 2. No. 2, julio-diciembre 2023</subfield>
    <subfield code="l">0</subfield>
    <subfield code="p">2025-3322</subfield>
    <subfield code="r">2025-04-10</subfield>
    <subfield code="t">e.1</subfield>
    <subfield code="w">2025-04-10</subfield>
    <subfield code="y">ISSUE</subfield>
    <subfield code="z">Revista Cient&#xED;ficas. </subfield>
  </datafield>
  <datafield tag="952" ind1=" " ind2=" ">
    <subfield code="0">0</subfield>
    <subfield code="1">0</subfield>
    <subfield code="2">ddc</subfield>
    <subfield code="4">0</subfield>
    <subfield code="5">6</subfield>
    <subfield code="7">0</subfield>
    <subfield code="8">SE</subfield>
    <subfield code="a">BNPHU</subfield>
    <subfield code="b">BNPHU</subfield>
    <subfield code="d">2025-04-10</subfield>
    <subfield code="h">Volumen 2. No. 2, julio-diciembre 2023</subfield>
    <subfield code="l">0</subfield>
    <subfield code="p">2025-3323</subfield>
    <subfield code="r">2025-04-10</subfield>
    <subfield code="t">e.2</subfield>
    <subfield code="w">2025-04-10</subfield>
    <subfield code="y">ISSUE</subfield>
    <subfield code="z">Revista Cient&#xED;ficas. </subfield>
  </datafield>
  <datafield tag="952" ind1=" " ind2=" ">
    <subfield code="0">0</subfield>
    <subfield code="1">0</subfield>
    <subfield code="2">ddc</subfield>
    <subfield code="4">0</subfield>
    <subfield code="5">6</subfield>
    <subfield code="7">0</subfield>
    <subfield code="8">SE</subfield>
    <subfield code="a">BNPHU</subfield>
    <subfield code="b">BNPHU</subfield>
    <subfield code="d">2025-04-10</subfield>
    <subfield code="h">Volumen 2. No. 2, julio-diciembre 2023</subfield>
    <subfield code="l">0</subfield>
    <subfield code="p">2025-3324</subfield>
    <subfield code="r">2025-04-10</subfield>
    <subfield code="t">e.3</subfield>
    <subfield code="w">2025-04-10</subfield>
    <subfield code="y">ISSUE</subfield>
    <subfield code="z">Revista Cient&#xED;ficas. </subfield>
  </datafield>
  <datafield tag="952" ind1=" " ind2=" ">
    <subfield code="0">0</subfield>
    <subfield code="1">0</subfield>
    <subfield code="2">ddc</subfield>
    <subfield code="4">0</subfield>
    <subfield code="5">6</subfield>
    <subfield code="7">0</subfield>
    <subfield code="8">SE</subfield>
    <subfield code="a">BNPHU</subfield>
    <subfield code="b">BNPHU</subfield>
    <subfield code="d">2025-04-11</subfield>
    <subfield code="h">Volumen 1. No. 1, enero-junio 2022</subfield>
    <subfield code="l">0</subfield>
    <subfield code="p">2025-3357</subfield>
    <subfield code="r">2025-04-11</subfield>
    <subfield code="t">e.1</subfield>
    <subfield code="w">2025-04-11</subfield>
    <subfield code="y">ISSUE</subfield>
    <subfield code="z">Revista Cient&#xED;ficas.</subfield>
  </datafield>
  <datafield tag="952" ind1=" " ind2=" ">
    <subfield code="0">0</subfield>
    <subfield code="1">0</subfield>
    <subfield code="2">ddc</subfield>
    <subfield code="4">0</subfield>
    <subfield code="5">6</subfield>
    <subfield code="7">0</subfield>
    <subfield code="8">SE</subfield>
    <subfield code="a">BNPHU</subfield>
    <subfield code="b">BNPHU</subfield>
    <subfield code="d">2025-04-11</subfield>
    <subfield code="h">Volumen 1. No. 1, enero-junio 2022</subfield>
    <subfield code="l">0</subfield>
    <subfield code="p">2025-3358</subfield>
    <subfield code="r">2025-04-11</subfield>
    <subfield code="t">e.2</subfield>
    <subfield code="w">2025-04-11</subfield>
    <subfield code="y">ISSUE</subfield>
    <subfield code="z">Revista Cient&#xED;ficas.</subfield>
  </datafield>
  <datafield tag="952" ind1=" " ind2=" ">
    <subfield code="0">0</subfield>
    <subfield code="1">0</subfield>
    <subfield code="2">ddc</subfield>
    <subfield code="4">0</subfield>
    <subfield code="5">6</subfield>
    <subfield code="7">0</subfield>
    <subfield code="8">SE</subfield>
    <subfield code="a">BNPHU</subfield>
    <subfield code="b">BNPHU</subfield>
    <subfield code="d">2025-04-11</subfield>
    <subfield code="h">Volumen 1. No. 1, enero-junio 2022</subfield>
    <subfield code="l">0</subfield>
    <subfield code="p">2025-3359</subfield>
    <subfield code="r">2025-04-11</subfield>
    <subfield code="t">e.3</subfield>
    <subfield code="w">2025-04-11</subfield>
    <subfield code="y">ISSUE</subfield>
    <subfield code="z">Revista Cient&#xED;ficas.</subfield>
  </datafield>
  <datafield tag="952" ind1=" " ind2=" ">
    <subfield code="0">0</subfield>
    <subfield code="1">0</subfield>
    <subfield code="2">ddc</subfield>
    <subfield code="4">0</subfield>
    <subfield code="5">6</subfield>
    <subfield code="7">0</subfield>
    <subfield code="8">SE</subfield>
    <subfield code="a">BNPHU</subfield>
    <subfield code="b">BNPHU</subfield>
    <subfield code="d">2025-04-11</subfield>
    <subfield code="h">Volumen 2. No. 1, enero-junio 2023</subfield>
    <subfield code="l">0</subfield>
    <subfield code="p">2025-3360</subfield>
    <subfield code="r">2025-04-11</subfield>
    <subfield code="t">e.1</subfield>
    <subfield code="w">2025-04-11</subfield>
    <subfield code="y">ISSUE</subfield>
    <subfield code="z">Revista Cient&#xED;ficas.</subfield>
  </datafield>
  <datafield tag="952" ind1=" " ind2=" ">
    <subfield code="0">0</subfield>
    <subfield code="1">0</subfield>
    <subfield code="2">ddc</subfield>
    <subfield code="4">0</subfield>
    <subfield code="5">6</subfield>
    <subfield code="7">0</subfield>
    <subfield code="8">SE</subfield>
    <subfield code="a">BNPHU</subfield>
    <subfield code="b">BNPHU</subfield>
    <subfield code="d">2025-04-11</subfield>
    <subfield code="h">Volumen 2. No. 1, enero-junio 2023</subfield>
    <subfield code="l">0</subfield>
    <subfield code="p">2025-3361</subfield>
    <subfield code="r">2025-04-11</subfield>
    <subfield code="t">e.2</subfield>
    <subfield code="w">2025-04-11</subfield>
    <subfield code="y">ISSUE</subfield>
    <subfield code="z">Revista Cient&#xED;ficas.</subfield>
  </datafield>
  <datafield tag="952" ind1=" " ind2=" ">
    <subfield code="0">0</subfield>
    <subfield code="1">0</subfield>
    <subfield code="2">ddc</subfield>
    <subfield code="4">0</subfield>
    <subfield code="5">6</subfield>
    <subfield code="7">0</subfield>
    <subfield code="8">SE</subfield>
    <subfield code="a">BNPHU</subfield>
    <subfield code="b">BNPHU</subfield>
    <subfield code="d">2025-04-11</subfield>
    <subfield code="h">Volumen 2. No. 1, enero-junio 2023</subfield>
    <subfield code="l">0</subfield>
    <subfield code="p">2025-3362</subfield>
    <subfield code="r">2025-04-11</subfield>
    <subfield code="t">e.3</subfield>
    <subfield code="w">2025-04-11</subfield>
    <subfield code="y">ISSUE</subfield>
    <subfield code="z">Revista Cient&#xED;ficas.</subfield>
  </datafield>
  <datafield tag="952" ind1=" " ind2=" ">
    <subfield code="0">0</subfield>
    <subfield code="1">0</subfield>
    <subfield code="2">ddc</subfield>
    <subfield code="4">0</subfield>
    <subfield code="5">6</subfield>
    <subfield code="7">0</subfield>
    <subfield code="8">SE</subfield>
    <subfield code="a">BNPHU</subfield>
    <subfield code="b">BNPHU</subfield>
    <subfield code="d">2025-11-13</subfield>
    <subfield code="h">Volumen 2. No. 1, julio-diciembre 2024</subfield>
    <subfield code="l">0</subfield>
    <subfield code="p">2025-13060</subfield>
    <subfield code="r">2025-11-13</subfield>
    <subfield code="t">e.1</subfield>
    <subfield code="w">2025-11-13</subfield>
    <subfield code="y">ISSUE</subfield>
    <subfield code="z">Revista M&#xE9;dico-Cient&#xED;fica.</subfield>
  </datafield>
  <datafield tag="952" ind1=" " ind2=" ">
    <subfield code="0">0</subfield>
    <subfield code="1">0</subfield>
    <subfield code="2">ddc</subfield>
    <subfield code="4">0</subfield>
    <subfield code="5">6</subfield>
    <subfield code="7">0</subfield>
    <subfield code="8">SE</subfield>
    <subfield code="a">BNPHU</subfield>
    <subfield code="b">BNPHU</subfield>
    <subfield code="d">2025-11-13</subfield>
    <subfield code="h">Volumen 2. No. 1, julio-diciembre 2024</subfield>
    <subfield code="l">0</subfield>
    <subfield code="p">2025-13061</subfield>
    <subfield code="r">2025-11-13</subfield>
    <subfield code="t">e.2</subfield>
    <subfield code="w">2025-11-13</subfield>
    <subfield code="y">ISSUE</subfield>
    <subfield code="z">Revista M&#xE9;dico-Cient&#xED;fica.</subfield>
  </datafield>
  <datafield tag="952" ind1=" " ind2=" ">
    <subfield code="0">0</subfield>
    <subfield code="1">0</subfield>
    <subfield code="2">ddc</subfield>
    <subfield code="4">0</subfield>
    <subfield code="5">6</subfield>
    <subfield code="7">0</subfield>
    <subfield code="8">SE</subfield>
    <subfield code="a">BNPHU</subfield>
    <subfield code="b">BNPHU</subfield>
    <subfield code="d">2025-11-13</subfield>
    <subfield code="h">Volumen 2. No. 1, julio-diciembre 2024</subfield>
    <subfield code="l">0</subfield>
    <subfield code="p">2025-13062</subfield>
    <subfield code="r">2025-11-13</subfield>
    <subfield code="t">e.3</subfield>
    <subfield code="w">2025-11-13</subfield>
    <subfield code="y">ISSUE</subfield>
    <subfield code="z">Revista M&#xE9;dico-Cient&#xED;fica.</subfield>
  </datafield>
  <datafield tag="952" ind1=" " ind2=" ">
    <subfield code="0">0</subfield>
    <subfield code="1">0</subfield>
    <subfield code="2">ddc</subfield>
    <subfield code="4">0</subfield>
    <subfield code="5">6</subfield>
    <subfield code="7">0</subfield>
    <subfield code="8">SE</subfield>
    <subfield code="a">BNPHU</subfield>
    <subfield code="b">BNPHU</subfield>
    <subfield code="d">2026-02-11</subfield>
    <subfield code="h">Volumen 3. No. 2, julio-diciembre 2025</subfield>
    <subfield code="l">0</subfield>
    <subfield code="p">2026-0999</subfield>
    <subfield code="r">2026-02-11</subfield>
    <subfield code="t">e.1</subfield>
    <subfield code="w">2026-02-11</subfield>
    <subfield code="y">ISSUE</subfield>
    <subfield code="z">Revista M&#xE9;dico-Cient&#xED;fica.</subfield>
  </datafield>
  <datafield tag="952" ind1=" " ind2=" ">
    <subfield code="0">0</subfield>
    <subfield code="1">0</subfield>
    <subfield code="2">ddc</subfield>
    <subfield code="4">0</subfield>
    <subfield code="5">6</subfield>
    <subfield code="7">0</subfield>
    <subfield code="8">SE</subfield>
    <subfield code="a">BNPHU</subfield>
    <subfield code="b">BNPHU</subfield>
    <subfield code="d">2026-02-11</subfield>
    <subfield code="h">Volumen 3. No. 2, julio-diciembre 2025</subfield>
    <subfield code="l">0</subfield>
    <subfield code="p">2026-1000</subfield>
    <subfield code="r">2026-02-11</subfield>
    <subfield code="t">e.2</subfield>
    <subfield code="w">2026-02-11</subfield>
    <subfield code="y">ISSUE</subfield>
    <subfield code="z">Revista M&#xE9;dico-Cient&#xED;fica.</subfield>
  </datafield>
  <datafield tag="952" ind1=" " ind2=" ">
    <subfield code="0">0</subfield>
    <subfield code="1">0</subfield>
    <subfield code="2">ddc</subfield>
    <subfield code="4">0</subfield>
    <subfield code="5">6</subfield>
    <subfield code="7">0</subfield>
    <subfield code="8">SE</subfield>
    <subfield code="a">BNPHU</subfield>
    <subfield code="b">BNPHU</subfield>
    <subfield code="d">2026-02-11</subfield>
    <subfield code="h">Volumen 3. No. 2, julio-diciembre 2025</subfield>
    <subfield code="l">0</subfield>
    <subfield code="p">2026-1001</subfield>
    <subfield code="r">2026-02-11</subfield>
    <subfield code="t">e.3</subfield>
    <subfield code="w">2026-02-11</subfield>
    <subfield code="y">ISSUE</subfield>
    <subfield code="z">Revista M&#xE9;dico-Cient&#xED;fica.</subfield>
  </datafield>
  <datafield tag="999" ind1=" " ind2=" ">
    <subfield code="c">58712</subfield>
    <subfield code="d">58712</subfield>
  </datafield>
</record>
